Estudio de mercados de exportación de: productos de la industria conservera

Saved in:
Bibliografiske detaljer
Institution som forfatter: Prochile (Author)
Format: Bog
Sprog:spansk
Udgivet: Santiago Prochile 1981
Fag:
Tags: Tilføj Tag
Ingen Tags, Vær først til at tagge denne postø!

MARC

LEADER 00000nam a2200000 a 4500
001 UCR4949
003 CL-VaPUC
008 980320e19810000CL |||||||||||||||||spa|d
082 0 4 |a 338.1883  |b PRO  |2 21 
110 2 |a Prochile  |e author  |9 405566 
245 1 0 |a Estudio de mercados de exportación de: productos de la industria conservera 
300 |a 236 p 
942 |c BK 
945 |d 19980320 00:00:00  |a crobeson 
260 |a Santiago  |b Prochile  |c 1981 
650 0 |a Industria alimentaria  |9 331702 
650 7 |a CONSERVAS  |2 CL-VaPUC  |9 405567 
650 0 |a Mercados  |9 338624 
650 0 |a Exportación  |9 351066 
650 0 |a Competencia económica   |9 256096 
650 0 |a Investigación de mercado  |9 332310 
651 7 |a CHILE  |2 CL-VaPUC  |9 405568 
583 |a last modification  |c 20180306 11:38:38  |k Rodrigo Vera 
999 |c 267727  |d 267725 
952 |0 0  |1 0  |4 0  |6 338_188300000000000_PRO_1981  |7 0  |8 A  |9 300236  |a BIBALI  |b BIBALI  |c GEN  |d 2019-11-20  |i 1968610  |l 1  |o 338.1883 PRO 1981  |p 1968610  |r 2025-01-20  |s 2024-07-05  |w 2019-11-20  |y BK  |k ALI